000 02567nam a22003497a 4500
005 2010101908158.0
008 101019t xxu||||| |||| 00| 0 hin d
010 _aHIN-94116 B-471372-375
020 _c450.00
_a9788176753234
035 _aHN-66462 B-471372-375
037 _bDBAD / PUB
037 _bके.के.पब्लिकेशंस
040 _aDPL
_bHN
082 _a820.8
100 _923632
_aशाही,विनोद
245 _aआलोचना की जमीन;
_cविनोद शाही
_bएक उत्तर-उपनिवेशवादी मीमांसा /
260 _aहरियाणा
_bआधार प्रकाशन
_c2011
270 _aएस.सी.एफ. 267,सेक्टर-16 पंचकुला
_bहरियाणा
_k134113
_e0172-2566952, 2520244
_maadhar-prakashan@yahoo.com
300 1 _a336पृ
_c22सेमी (सजिल्द)
650 _9657
650 _934273
700 _934278
710 _934811
710 _935049
942 _2ddc
_cHN
_h820.8
_mशाहीवि
999 _c57220
_d57220